Much ado about nothing : (Record no. 10533)
[ view plain ]
| 000 -LEADER | |
|---|---|
| fixed length control field | 00678nam a2200241 a 4500 |
| 001 - CONTROL NUMBER | |
| JCCL Control Number | 10533 |
| 003 - CONTROL NUMBER IDENTIFIER | |
| JCCL marc code | BD-JhCC |
| 005 - DATE AND TIME OF LATEST TRANSACTION | |
| control field | 20180503084952.0 |
| 008 - FIXED-LENGTH DATA ELEMENTS--GENERAL INFORMATION | |
| fixed length control field | 180503s1963 nbu |||| |||| 000 0 eng d |
| 035 ## - SYSTEM CONTROL NUMBER | |
| system control number | (BD-JhCC)10533 |
| 040 ## - CATALOGING SOURCE | |
| Original cataloging agency | BD-JhCC |
| Modifying agency | BD-JhCC |
| 041 ## - LANGUAGE CODE | |
| Language code of Book | eng |
| 082 ## - DEWEY DECIMAL CLASSIFICATION NUMBER | |
| Classification number | 822.33 |
| Author mark and Year | ROY 1963 |
| 100 ## - MAIN ENTRY--PERSONAL NAME | |
| Personal name | Royster, Salibelle |
| 245 ## - TITLE STATEMENT | |
| Title | Much ado about nothing : |
| Remainder of title | notes / |
| Statement of responsibility, etc | Salibelle Royster |
| 260 ## - PUBLICATION, DISTRIBUTION, ETC. (IMPRINT) | |
| Place of publication, distribution, etc | USA : |
| Name of publisher, distributor, etc | Cliff's notes, |
| Date of publication, distribution, etc | 1963 |
| 300 ## - PHYSICAL DESCRIPTION | |
| Pagination | 64 p. : |
| Dimensions | 21 cm. |
| 504 ## - BIBLIOGRAPHY, ETC. NOTE | |
| Bibliography, etc | Includes bibliography |
| 600 ## - SUBJECT ADDED ENTRY--PERSONAL NAME | |
| Personal name | Shakespeare, William, |
| Dates associated with a name | 1564-1616 |
| 650 ## - SUBJECT ADDED ENTRY--TOPICAL TERM | |
| Topical term or geographic name as entry element | Much ado about nothing (Shakespeare, William) |
| 650 ## - SUBJECT ADDED ENTRY--TOPICAL TERM | |
| Topical term or geographic name as entry element | English Drama |
| 942 ## - ADDED ENTRY ELEMENTS (KOHA) | |
| Source of classification or shelving scheme | Dewey Decimal Classification |
| Koha item type | Books |
| Source of classification or shelving scheme | Damaged status | Not for loan | Home library | Current library | Shelving location | Date of accession | Cost, normal purchase price | Total Checkouts | Full call number | Barcode | Date last seen | Copy number | Koha item type |
|---|---|---|---|---|---|---|---|---|---|---|---|---|---|
| Dewey Decimal Classification | JCC Rouf Library | JCC Rouf Library | General Stacks | 05/03/2018 | 1.00 | 822.33 ROY 1963 | 13950 | 05/03/2018 | C-1 | Books | |||
| Dewey Decimal Classification | JCC Rouf Library | JCC Rouf Library | General Stacks | 05/03/2018 | 1.00 | 822.33 ROY 1963 | 13949 | 05/03/2018 | C-2 | Books | |||
| Dewey Decimal Classification | JCC Rouf Library | JCC Rouf Library | General Stacks | 05/03/2018 | 1.00 | 822.33 ROY 1963 | 13948 | 05/03/2018 | C-3 | Books |